ज्येष्ठ नागरिक संघ चळवळीचा इतिहास. (Record no. 782129)

MARC details
000 -LEADER
fixed length control field 00897nam a2200181Ia 4500
008 - FIXED-LENGTH DATA ELEMENTS--GENERAL INFORMATION
fixed length control field 100921s9999 xx 000 0 und d
082 ## - DEWEY DECIMAL CLASSIFICATION NUMBER
Item number 33016
Classification number 369.254 थ 99
100 ## - MAIN ENTRY--PERSONAL NAME
Personal name शुक्ल भय्यासाहेब,शुक्ल मुकुंद.
245 ## - TITLE STATEMENT
Title ज्येष्ठ नागरिक संघ चळवळीचा इतिहास.
260 ## - PUBLICATION, DISTRIBUTION, ETC. (IMPRINT)
Name of publisher, distributor, etc दिपाली प्रकाशन, कल्याण.
Date of publication, distribution, etc 1999
300 ## - PHYSICAL DESCRIPTION
Extent 193
Other physical details दिपाली प्रकाशन, कल्याण
365 ## - TRADE PRICE
Price amount 125
520 ## - SUMMARY, ETC.
Summary, etc स.शा.-संघ,संघटना.
630 ## - SUBJECT ADDED ENTRY--UNIFORM TITLE
Uniform title ज्येष्ठ नागरिक संघ चळवळीचा इतिहास.
650 ## - SUBJECT ADDED ENTRY--TOPICAL TERM
Topical term or geographic name as entry element स.शा.-संघ,संघटना.
730 ## - ADDED ENTRY--UNIFORM TITLE
Uniform title ज्येष्ठ नागरिक संघ चळवळीचा इतिहास.
942 ## - ADDED ENTRY ELEMENTS (KOHA)
Koha item type Book
Holdings
Withdrawn status Lost status Damaged status Not for loan Home library Current library Shelving location Date acquired Cost, normal purchase price Total Checkouts Barcode Date last seen Price effective from Koha item type Public note
        Lo. Tilak Granthasangrahalaya, Wai Lo. Tilak Granthasangrahalaya, Wai     125.00   WAITILAKGS-33016 09/21/2010 09/21/2010 Book देवघेव